The story of meditation / (Record no. 41566)

MARC details
000 -LEADER
fixed length control field 00722nam a22002057a 4500
005 - DATE AND TIME OF LATEST TRANSACTION
control field 20100813122635.0
010 ## - LCCN (DPL NO)
LC control number ENG-99973
020 ## - INTERNATIONAL STANDARD BOOK NUMBER
International Standard Book Number 9788178223216
Terms of availability 225.00
035 ## - SYSTEM CONTROL NUMBER
System control number EN-83505
037 ## - SOURCE OF ACQUISITION
Source of stock number/acquisition DBAD/PUB
082 ## - DEWEY DECIMAL CLASSIFICATION NUMBER
Classification number 230.42
100 ## - MAIN ENTRY--PERSONAL NAME
Personal name Chakraburtty, Sneh
245 ## - TITLE STATEMENT
Title The story of meditation /
Statement of responsibility, etc by Sneh Chakraburtty
260 ## - PUBLICATION, DISTRIBUTION, ETC. (IMPRINT)
Place of publication, distribution, etc New Delhi
Name of publisher, distributor, etc New Age Books
Date of publication, distribution, etc 2009
270 ## - ADDRESS
Address A-44 Naraina Industrial Area Phase I
City New Delhi
Postal code 110028
300 ## - PHYSICAL DESCRIPTION
Extent viii,244p.
Dimensions 22cm (pbk)
650 ## - SUBJECT ADDED ENTRY--TOPICAL TERM
Topical term or geographic name as entry element Meditation
942 ## - ADDED ENTRY ELEMENTS (KOHA)
Source of classification or shelving scheme Dewey Decimal Classification
Item type English Books
Classification part 230.42
Call number suffix CHA
Holdings
Withdrawn status Lost status Not for loan Collection code Home library Current library Date acquired Source of acquisition Cost, normal purchase price Full call number Barcode Copy number Cost, replacement price Koha item type
    Not For Loan Non-fiction D.B.Act.Division D.B.Act.Division 13/08/2010 DBAD/PUB 225.00 230.42 CHA EN-83505 1 225.00 English Books

© Delhi Public Library
Hit Counter
free hit counter